000 00923nam a2200265Ia 4500
003 OSt
005 20221005104849.0
006 a|||||r|||| 00| 0
007 ta
008 221004b |||||||| |||| 00| 0 hin d
020 _a8174531785 (hbk)
_c450
024 _a100984
037 _b408, 23/03/2010, Swaraj Prakashan
_cTextual
040 _aCRL
_cCRL
_bhin
041 _2hin
_ahin
082 _aO152:g, P5
100 _aपाण्डेय, दर्शन
245 0 _aहिन्दी साहित्यानुशासन
246 _aHindī sāhityānushāsana
260 _aदिल्ली
_bसंजय प्रकाशन भारत
_c2005
300 _a411पृ0
_ccm.
650 _aहिन्दी साहित्य
942 _hO152:g, P5
_cTEXL
_2cc
999 _c1014020
_d1014020